000 00611nam a22001817a 4500
003 UA-OsUOA
001 19075
007 ta
008 20040713b un ||||| |||| 00| 0 ukr d
100 _aДобровольський І.
942 _cSA
040 _aUA-OsUOA
_cUA-OsUOA
_dUA-OsUOA
245 _aЗдоров'я людини - найдорожчий скарб
_b[Охорона здоров'я у Здолбунів. р-ні]
300 _aС.3
955 _a0
773 0 _w0
_tНове життя
_dЗдолбунів
_d2004
_g№47/48/19 черв./
650 7 _aКраєзнавча робота
_2UDC
999 _c305246
_d305246